The conversation of faith and reason : (Record no. 128190)
[ view plain ]
| 000 -LEADER | |
|---|---|
| fixed length control field | 01975cam a22003735a 4500 |
| 001 - CONTROL NUMBER | |
| control field | 16669811 |
| 003 - CONTROL NUMBER IDENTIFIER | |
| control field | ARRUPE |
| 005 - DATE AND TIME OF LATEST TRANSACTION | |
| control field | 20180919124738.0 |
| 008 - FIXED-LENGTH DATA ELEMENTS--GENERAL INFORMATION | |
| fixed length control field | 110228r20112009ilu b 001 0 eng d |
| 010 ## - LIBRARY OF CONGRESS CONTROL NUMBER | |
| LC control number | 2011923999 |
| 020 ## - INTERNATIONAL STANDARD BOOK NUMBER | |
| International Standard Book Number | 9781595250346 |
| 020 ## - INTERNATIONAL STANDARD BOOK NUMBER | |
| International Standard Book Number | 1595250344 |
| 035 ## - SYSTEM CONTROL NUMBER | |
| System control number | (OCoLC)ocn733805821 |
| 040 ## - CATALOGING SOURCE | |
| Original cataloging agency | JES |
| Transcribing agency | JES |
| Modifying agency | JES |
| -- | MNJ |
| -- | DLC |
| 042 ## - AUTHENTICATION CODE | |
| Authentication code | lccopycat |
| 050 00 - LIBRARY OF CONGRESS CALL NUMBER | |
| Classification number | BT50 |
| Item number | .N54 2011 |
| 300 ## - PHYSICAL DESCRIPTION | |
| Dimensions | 23 cm. |
| 100 1# - MAIN ENTRY--PERSONAL NAME | |
| Personal name | Nichols, Aidan. |
| 9 (RLIN) | 42334 |
| 245 14 - TITLE STATEMENT | |
| Title | The conversation of faith and reason : |
| Remainder of title | modern Catholic thought from Hermes to Benedict XVI / |
| Statement of responsibility, etc | Aidan Nichols. |
| 260 ## - PUBLICATION, DISTRIBUTION, ETC. (IMPRINT) | |
| Place of publication, distribution, etc | Mundelein, IL : |
| Name of publisher, distributor, etc | Hildenbrand Books, |
| Date of publication, distribution, etc | 2011. |
| 300 ## - PHYSICAL DESCRIPTION | |
| Extent | x, 222 p. ; |
| 490 1# - SERIES STATEMENT | |
| Series statement | Studies series |
| 500 ## - GENERAL NOTE | |
| General note | Previously published: From Hermes to Benedict XVI, Gracewing 2009. |
| 504 ## - BIBLIOGRAPHY, ETC. NOTE | |
| Bibliography, etc | Includes bibliographical references (p. [213]-218) and index. |
| 505 0# - FORMATTED CONTENTS NOTE | |
| Formatted contents note | A Kantian beginning : Georg Hermes -- A Catholic Hegel? Anton Günther -- The response of fideism : Louis Bautain -- Magisterial interventions : Gregory XVI and Pius IX -- Return to the schoolmen : Joseph Kleutgen and Leo XIII -- Embodying the Leonine project : Etienne Gilson -- The philosophy of action : Maurice Blondel -- The dispute over apologetics : from Blondel to Balthasar -- A synthetic outcome? John Paul II's letter Fides et ratio -- From Cracow to Regensburg : Benedict XVI. |
| 610 20 - SUBJECT ADDED ENTRY--CORPORATE NAME | |
| Corporate name or jurisdiction name as entry element | Catholic Church |
| General subdivision | Doctrines. |
| 9 (RLIN) | 42335 |
| 650 #0 - SUBJECT ADDED ENTRY--TOPICAL TERM | |
| Topical term or geographic name as entry element | Faith and reason |
| General subdivision | Christianity |
| -- | History of doctrines |
| Chronological subdivision | 19th century. |
| 9 (RLIN) | 42336 |
| 650 #0 - SUBJECT ADDED ENTRY--TOPICAL TERM | |
| Topical term or geographic name as entry element | Faith and reason |
| General subdivision | Christianity |
| -- | History of doctrines |
| Chronological subdivision | 20th century. |
| 9 (RLIN) | 42337 |
| 650 #0 - SUBJECT ADDED ENTRY--TOPICAL TERM | |
| Topical term or geographic name as entry element | Theology, Doctrinal. |
| 9 (RLIN) | 42338 |
| 700 1# - ADDED ENTRY--PERSONAL NAME | |
| Personal name | Nichols, Aidan. |
| Title of a work | From Hermes to Benedict XVI. |
| 9 (RLIN) | 42339 |
| 830 #0 - SERIES ADDED ENTRY--UNIFORM TITLE | |
| Uniform title | Hillenbrand Books studies series. |
| 9 (RLIN) | 42340 |
| 906 ## - LOCAL DATA ELEMENT F, LDF (RLIN) | |
| a | 0 |
| b | ibc |
| c | copycat |
| d | 2 |
| e | ncip |
| f | 20 |
| g | y-gencatlg |
| 942 ## - ADDED ENTRY ELEMENTS (KOHA) | |
| Source of classification or shelving scheme | Library of Congress Classification |
| Koha item type | Monograph ( Printed materials) |
| Withdrawn status | Lost status | Source of classification or shelving scheme | Damaged status | Not for loan | Collection code | Home library | Current library | Shelving location | Date acquired | Total Checkouts | Full call number | Barcode | Date last seen | Price effective from | Koha item type |
|---|---|---|---|---|---|---|---|---|---|---|---|---|---|---|---|
| Library of Congress Classification | Main Collection | ARRUPE LIBRARY | ARRUPE LIBRARY | Main Collection | 19/09/2018 | BT50 .N54 2011 | 46600002074 | 19/09/2018 | 19/09/2018 | Monograph ( Printed materials) |